| 000 | 01534nam a2200385 a 4500 | ||
|---|---|---|---|
| 008 | 111130q2000 ag ||||f |||| 001 0 spa d | ||
| 020 | _aS/N | ||
| 041 | _aspa | ||
| 092 |
_c616.89 _l12 _sCIA |
||
| 100 | 1 |
_aCia, Alfredo _eCoord. _91634 |
|
| 245 |
_aAnsiedad en la práctica clínica / _cAlfredo Cia |
||
| 250 | _a1a ed. | ||
| 260 |
_aBuenos Aires: _bRoche; _c2000? |
||
| 300 | _a137 p. | ||
| 500 | _aCia, A., Carnelli, L. M. y Casas, F. (Coords.). (2000?). Ansiedad en la Práctica Clínica. (1a ed.). Buenos Aires : Roche. | ||
| 590 | _aDonación Dra. Natalia Fernández Noviembre 2011 | ||
| 653 | _aAnsiedad en la clínica y su tratamiento | ||
| 653 | _aAnsiedad en la atencion primaria de la salud | ||
| 653 | _aFenomenología y diagnóstico diferencial de la ansiedad | ||
| 653 | _aEpidemiología de los trastornos de ansiedad | ||
| 653 | _aComorbilidad con trastornos de ansiedad | ||
| 653 | _aNeurobiología de la ansiedad | ||
| 653 | _aTratamiento farmacológico de la ansiedad | ||
| 653 | _aTratamiento psicosocial de la ansiedad | ||
| 653 | _aTrastornos de ansiedad, diagnóstico y tratamiento | ||
| 653 | _aTrastornos de pánico (TP) | ||
| 653 | _aTrastornos de ansiedad generalizada (TAG) | ||
| 653 | _aFobia específica (FE) | ||
| 653 | _aTrastorno de ansiedad social | ||
| 653 | _aTrastorno por estrés port-traumático (TPET) | ||
| 653 | _aTrastorno obsesivo compulsivo (TOC) | ||
| 700 | 1 |
_aCarnelli, Luis M. _eCoord. _91635 |
|
| 700 | 1 |
_aCasas, Florencia _eCoord. _91636 |
|
| 942 |
_2ddc _cBK |
||
| 999 |
_c1016 _d1016 |
||